000 00240nam a2200109 4500
082 _aNAG
100 _aNagpal, G.R.
245 _aMachine Tool Engineering
250 _a7th ed.
260 _aNew Delhi:
_bKhanna Publishers,
_c1997.
942 _cBK
999 _c9102
_d9102